East African Mammals. (Record no. 6504)

MARC details
000 -LEADER
fixed length control field 00559nam a22002057a 4500
003 - CONTROL NUMBER IDENTIFIER
control field OSt
005 - DATE AND TIME OF LATEST TRANSACTION
control field 20200128162301.0
008 - FIXED-LENGTH DATA ELEMENTS--GENERAL INFORMATION
fixed length control field 160427b xxu||||| |||| 00| 0 eng d
020 ## - INTERNATIONAL STANDARD BOOK NUMBER
International Standard Book Number 0226437248
040 ## - CATALOGING SOURCE
Transcribing agency DDC.
082 ## - DEWEY DECIMAL CLASSIFICATION NUMBER
Classification number 599.09676 KIN1982
100 ## - MAIN ENTRY--PERSONAL NAME
Personal name Kingdon,Jonathan;
9 (RLIN) 8361
245 ## - TITLE STATEMENT
Title East African Mammals.
Remainder of title An Atlas of Evolution in Africa.
250 ## - EDITION STATEMENT
Edition statement VOL IIIC
260 ## - PUBLICATION, DISTRIBUTION, ETC. (IMPRINT)
Place of publication, distribution, etc. Chicago.
Name of publisher, distributor, etc. University of Chicago Press.
Date of publication, distribution, etc. 1982.
300 ## - PHYSICAL DESCRIPTION
Extent 393p;p;
Other physical details ill;
Dimensions 30cm.
504 ## - BIBLIOGRAPHY, ETC. NOTE
Bibliography, etc includes index.
650 ## - SUBJECT ADDED ENTRY--TOPICAL TERM
Topical term or geographic name as entry element Bovids
9 (RLIN) 8362
942 ## - ADDED ENTRY ELEMENTS (KOHA)
Source of classification or shelving scheme Dewey Decimal Classification
Koha item type Open Shelf
Holdings
Withdrawn status Lost status Source of classification or shelving scheme Damaged status Not for loan Home library Current library Date acquired Source of acquisition Inventory number Total Checkouts Full call number Barcode Date last seen Price effective from Koha item type
    Dewey Decimal Classification     MUST Main Library MUST Main Library 28/01/2020 Purchase 03/19046   599.09676 KIN1982 2020-0186 28/01/2020 28/01/2020 Open Shelf
    Dewey Decimal Classification     MUST Main Library MUST Main Library 28/01/2020 Purchase 03/19045   599.09676 KIN1982 2020-0187 28/01/2020   Open Shelf
    Dewey Decimal Classification     MUST Main Library MUST Main Library 28/01/2020 Purchase 05/23729   599.09676 KIN1982 2020-0189 28/01/2020 28/01/2020 Open Shelf
    Dewey Decimal Classification     MUST Main Library MUST Main Library 28/01/2020 Purchase 05/23727   599.09676 KIN1989 2020-0190 28/01/2020 28/01/2020 Open Shelf
    Dewey Decimal Classification     MUST Main Library MUST Main Library 28/01/2020 Purchase 05/23728   599.09676 KIN1989 2020-0191 28/01/2020 28/01/2020 Open Shelf